000 00781cam a2200205 4500
001 WB3721-12
008 000000n2001 000 0 eng u
035 _a(Sirsi) u112842
245 _aProfits from property
260 _c2001
490 _aInvestors Chronicle
_v136 (1733) 25 May 2001, 10(1)
520 _aSome analysts believe that holders of property unit trusts should take profits. Recently these trusts in the property sector have risen but it is expected that the sector will soon start to underperform the general market. Sresses that property trusts are still a stable investment.
590 _aWB
650 _aPROPERTY UNIT TRUSTS
650 _aPROPERTY SECTOR
650 _aOFFICE SPACE
650 _aPROPERTY VALUES
690 _aINVESTMENT
942 _n0
999 _c67172
_d67172